|
|
|
|
| LEADER |
01672nam a2200373 a 4500 |
| 001 |
31992 |
| 003 |
BD-DhAAL |
| 005 |
20240219115204.0 |
| 008 |
171112s2011 bg a b 000 0 eng |
| 010 |
|
|
|a 2011321346
|
| 020 |
|
|
|a 9789843323231
|
| 040 |
|
|
|a DLC
|c DLC
|d DLC
|d BD-DhAAL
|
| 041 |
0 |
|
|a eng
|a ben
|
| 050 |
0 |
0 |
|a DS481.C44
|b S35 2011
|
| 082 |
|
|
|2 23
|a 920
|
| 100 |
1 |
|
|a Shibly, Atful Hye,
|d 1944-
|9 23748
|
| 245 |
1 |
0 |
|a Abdul Matin Chaudhury,
|n (1895-1948) :
|b trusted lieutenant of Mohammad Ali Jinnah /
|c Atful Hye Shibly.
|
| 264 |
|
|
|a Dhaka :
|b Juned A. Choudhury,
|c 2011.
|
| 300 |
|
|
|a xviii, 196 pages :
|b illustrations ;
|c 23 cm.
|
| 504 |
|
|
|a Includes bibliographical references (pages 167-173).
|
| 526 |
|
|
|a AAL
|
| 541 |
|
|
|a Complemented copy from Faruq A Choudhury, Donated by Rebecca Dipa Khan
|e 31992, 42290
|
| 546 |
|
|
|a Includes parts in Bengali.
|
| 600 |
1 |
0 |
|a Chaudhury, Abdul Matin,
|d 1895-1948.
|9 23749
|
| 610 |
2 |
0 |
|a All India Muslim League
|v Biography.
|9 23750
|
| 650 |
|
0 |
|a Politicians
|z India
|v Biography.
|9 23751
|
| 650 |
|
0 |
|a Pakistan movement.
|9 23752
|
| 651 |
|
0 |
|a India
|x Politics and government
|y 1919-1947.
|9 23753
|
| 651 |
|
0 |
|a India
|x History
|y Partition, 1947.
|9 23754
|
| 852 |
|
|
|a Ayesha Abed Library
|c General Stacks
|
| 942 |
|
|
|2 ddc
|c BK
|
| 999 |
|
|
|c 38568
|d 38568
|
| 952 |
|
|
|0 0
|1 0
|2 ddc
|4 0
|6 920_000000000000000_SHI
|7 0
|9 61859
|a BRACUL
|b BRACUL
|c GEN
|d 2017-11-12
|e Complemented copy from Faruq A Choudhury
|l 0
|o 920 SHI
|p 3010031992
|r 2017-11-12
|t 1
|w 2017-11-12
|y BK
|
| 952 |
|
|
|0 0
|1 0
|2 ddc
|4 0
|6 920_000000000000000_SHI
|7 0
|9 75165
|a BRACUL
|b BRACUL
|c GEN
|d 2024-02-19
|e Donated By Rebecca Dipa Khan
|l 1
|o 920 SHI
|p 3010042290
|r 2025-10-04
|s 2025-09-30
|t 2
|w 2024-02-19
|y BK
|